Environmental change: key issues and alternative perspectives
Uloženo v:
| Hlavní autor: | |
|---|---|
| Médium: | Kniha |
| Jazyk: | angličtina |
| Vydáno: |
Cambridge
Cambridge University Press
2005
|
| Vydání: | 1a. ed |
| Témata: | |
| Tagy: |
Přidat tag
Žádné tagy, Buďte první, kdo vytvoří štítek k tomuto záznamu!
|
MARC
| LEADER | 00000cam a2200000 a 4500 | ||
|---|---|---|---|
| 001 | UCD3680 | ||
| 003 | CL-VaPUC | ||
| 008 | 160616e20050000uk |||||||||||||||||eng|d | ||
| 020 | |a 9780521536332 | ||
| 082 | 0 | 4 | |a 551.6 |b OLD |2 21 |
| 100 | 0 | |a Oldfield, Frank |e author |9 587237 | |
| 245 | 1 | 0 | |a Environmental change: key issues and alternative perspectives |
| 250 | |a 1a. ed | ||
| 300 | |a 363 p | ||
| 942 | |c BK | ||
| 945 | |d 20160616 22:39:00 |a dcastane | ||
| 260 | |a Cambridge |b Cambridge University Press |c 2005 | ||
| 650 | 0 | |a Cambio climático |9 428490 | |
| 650 | 0 | |a Clima |9 265281 | |
| 650 | 0 | |a Condiciones atmosféricas |9 340107 | |
| 583 | |a last modification |c 20160616 22:39:00 |k Rodrigo Vera | ||
| 999 | |c 364707 |d 364705 | ||
| 952 | |0 0 |1 0 |3 erb |4 0 |6 551_600000000000000_OLD_2005 |7 0 |8 A |9 478270 |a BIBING |b BIBING |i 5293413 |o 551.6 OLD 2005 |p 5293413 |r 2025-01-20 |w 2019-11-24 |y BK |z Catalogado en:20160616 |k GEO | ||